Príprava serverového prostredia pre službu NDVR

Salvato in:
Dettagli Bibliografici
Autore principale: Šmárik, Ladislav (Autore)
Altri autori: Polec, Jaroslav (Relatore della tesi)
Natura: Manoscritto Libro
Lingua:slovacco
Pubblicazione: 2018
Soggetti:
Accesso online:http://is.stuba.sk/zp/portal_zp.pl?podrobnosti=137467
Tags: Aggiungi Tag
Nessun Tag, puoi essere il primo ad aggiungerne!!

MARC

LEADER 00000ntm a22000003a 4500
001 stuzp66691
003 SK-STU
005 20181029130421.9
007 ta
008 150427s2015----xo-----f-mn---000-0-slo-d
040 |a STU  |b slo 
041 0 |a slo 
044 |a xo 
100 1 |a Šmárik, Ladislav  |u 037000  |4 aut  |U FEI Fakulta elektrotechniky a informatiky  |T FEI Ústav multimediálnych informačných a komunikačných technológií  |X 54232  |U E070  |Y 818  |7 54232 
242 0 1 |a Preparation of Server Environment for NDVR Service  |y eng 
245 1 0 |a Príprava serverového prostredia pre službu NDVR 
260 |c 2018 
300 |a 71 s.,   |b CD-ROM 
650 4 |a streaming  |2 eng 
650 4 |a NDVR  |2 eng 
650 4 |a OTT  |2 eng 
650 4 |a IPTV  |2 eng 
650 4 |a OTT  |2 slo 
650 4 |a NDVR  |2 slo 
650 4 |a stríming  |2 slo 
650 4 |a IPTV  |2 slo 
700 1 |a Polec, Jaroslav  |u 037000  |k Z1  |4 ths  |U FEI Fakulta elektrotechniky a informatiky  |T FEI Ústav multimediálnych informačných a komunikačných technológií  |X 2004  |U E070  |Y 818  |7 A000002004 
856 4 |u http://is.stuba.sk/zp/portal_zp.pl?podrobnosti=137467 
996 |b 284EP11928  |c E*DIPL- 11928  |l EE37  |s P  |a 0  |w stuzp66691_0001